000 00545nam a2200169Ia 4500
003 GCL
008 140319s9999 xx 000 0 ara d
040 _aGCL /
_cGCL
082 0 4 _a784.4
_bع ا
100 1 _aعلى الخليلى
245 1 0 _aاغانى العمل والعمال فى فلسطين /
_cعلى الخليلى
300 _a175 ص
490 _aالهيئة العامة للاستعلامات
_v0
650 0 4 _aالاغانى الشعبية، فلسطين
650 0 4 _aالاغانى الفلسطينية
942 _2ddc
_cBK
999 _c46960
_d46960